• 首页
  • 本馆介绍
  • 公告通知
  • 最新文献
  • 馆藏检索
  • 电子资源
  • 读者导购
  • 参考咨询
  • 我的图书馆
  • 登录
  • 详细信息显示
  • 放入我的书架
  • 预约/预借图书
  • 作者相关作品
  • 分类相关作品
  • 丛书相关作品
  • 出版社相关作品

书目信息

  • 表格格式
  • 工作单格式
  • 卡片格式
题名:
摄影技术基础
    
 
作者: 马运增 , 徐国兴 著
分册:  
出版信息: 上海   上海人民美术出版社  1981.8
页数: 182页
开本: 20cm
丛书名:
单 册:
中图分类: TB89
科图分类:
主题词: 摄影--应用
电子资源:
ISBN:
000 00556nam0 2200205 45
001 0312221749
005 20060820082837.00
010    @dCNY0.50
091    @a8081.12389
100    @a20031222d1981 km y0chiy0120 ea
101    @achi
200 1  @a摄影技术基础@AShe Ying Ji Shu Ji Chu@f马运增,徐国兴著@FMa Yun Zeng,Xu Guo Xing Zhu
210    @a上海@c上海人民美术出版社@d1981.8
215    @a182页@d20cm
606 0  @a摄影@x应用
690    @aTB89@v3
701 0  @a马运增@4著
701 0  @a徐国兴@4著
801    @aCN@bTSTCL@c20060820
905    @dTB89@e25@f1@b151941
    
    摄影技术基础/马运增,徐国兴著.-上海:上海人民美术出版社,1981.8
    182页;20cm
    
    
    ISBN :CNY0.50
    
●
相关链接 在E读中查询图书 在五车中查询图书 在当当中查询图书 在豆瓣中查询图书


正题名:摄影技术基础     索取号:TB89/25         预约/预借

序号 登录号 条形码 馆藏地/架位号 状态 备注
1 0053992   001359906   密集书库/ [索取号:TB89/25] 在馆    
2 0053993   001360093   密集书库/ [索取号:TB89/25] 在馆    
3 0053995   202266779   密集书库/ [索取号:TB89/25] 在馆    
4 0053996   202266760   密集书库/ [索取号:TB89/25] 在馆    
5 0053998   001359862   第三借阅区/ [索取号:TB89/25] 在馆    
6 0053999   001359942   第二样本阅览室/ [索取号:TB89/25] 在馆    
7 0151940   202245374   密集书库/ [索取号:TB89/25] 在馆    
8 0151941   001359871   第三借阅区/ [索取号:TB89/25] 在馆    
9 0470259   204702599   密集书库/ [索取号:TB89/25] 在馆    
唐山师范学院图书馆 欢迎您!
大连网信软件有限公司© 版权所有